| Tag |
First Indicator |
Second Indicator |
Subfields |
| LEADER |
00000cam a22000001a 4500 |
| 001 |
in00002145821 |
| 006 |
m e d # |
| 007 |
cr mn mmmmabba |
| 008 |
861209s1758 mdu s s000 0 eng d |
| 005 |
20260331164049.3 |
| 035 |
|
|
|z w001956
|
| 035 |
|
|
|a MAAR8612091010B
|
| 035 |
|
|
|9 mwa91-38257
|
| 035 |
|
|
|a 321488
|
| 035 |
|
|
|a aas03001956
|
| 040 |
|
|
|a MWA
|c MWA
|e bdrb
|d UtOrBLW
|
| 110 |
1 |
|
|a Maryland.
|b General Assembly.
|b House of Delegates.
|
| 245 |
1 |
0 |
|a Votes and proceedings of the Lower House of Assembly of the province of Maryland.
|
| 264 |
|
3 |
|a Annapolis :
|b Printed and sold by Jonas Green,
|c [1758]
|
| 300 |
|
|
|a 24 pages
|
| 336 |
|
|
|a text
|b txt
|2 rdacontent
|
| 337 |
|
|
|a computer
|b c
|2 rdamedia
|
| 338 |
|
|
|a online resource
|b cr
|2 rdacarrier
|
| 500 |
|
|
|a Journal of the session begun Feb. 13, 1758.
|
| 500 |
|
|
|a Caption title.
|
| 500 |
|
|
|a Imprint from colophon, page 24.
|
| 510 |
4 |
|
|a Evans
|c 8170
|
| 510 |
4 |
|
|a Wroth, L.C. Maryland,
|c 209
|
| 530 |
|
|
|a Microform version available in the Readex Early American Imprints series.
|
| 533 |
|
|
|a Electronic text and image data.
|b [Chester, Vt. :
|c Readex, a division of Newsbank, Inc.,
|d 2002-2004.
|e Includes files in TIFF, GIF and PDF formats with inclusion of keyword searchable text.
|f (Early American imprints. First series ; no. 8170).
|
| 500 |
|
|
|a Electronic resource.
|
| 752 |
|
|
|a United States
|b Maryland
|d Annapolis.
|
| 830 |
|
0 |
|a Early American imprints.
|n Series I,
|p Evans (1639-1800) ;
|v no. 8170.
|
| 856 |
4 |
1 |
|u http://proxy.library.tamu.edu/login?url=https://opac.newsbank.com/select/evans/8170
|y Evans Digital Edition
|t 0
|
| 999 |
|
|
|a MARS
|
| 999 |
f |
f |
|s a1615a31-411a-3b8a-9efe-c006da903c7b
|i da6fe17c-907f-3814-bde0-8592e6afd410
|t 0
|
| 952 |
f |
f |
|a Texas A&M University
|b College Station
|c Electronic Resources
|s www_evans
|d Available Online
|t 0
|h No information provided
|
| 998 |
f |
f |
|t 0
|l Available Online
|